[Event "Senioren Europa Meister"]
[Site "Saint-Vincent"]
[Date "2001.09.22"]
[Round "8"]
[White "Orev, P."]
[Black "Kraidman, Y."]
[Result "1-0"]
[WhiteElo "2245"]
[BlackElo "2322"]
[PlyCount "57"]

1. e4 c5 2. c4 Nc6 3. Ne2 g6 4. d4 cxd4 5. Nxd4 Bg7 6. Be3 Nf6 7. Nc3 Ng4 8.
Qxg4 Nxd4 9. Qd1 Ne6 10. Bd3 d6 11. O-O O-O 12. Rc1 Bd7 13. Qd2 Nc5 14. Bb1 a5
15. f4 b6 16. Bd4 Bc6 17. Rcd1 a4 18. Qe3 Ra5 19. e5 Qc7 20. exd6 exd6 21. Bxg7
Kxg7 22. Qd4+ Kg8 23. Qxd6 Qb7 24. Nd5 Bxd5 25. Rxd5 Qa6 26. f5 Qxc4 27. fxg6
hxg6 28. Bxg6 Nb7 29. Qg3 1-0

[Event "Senioren Europa Meister"]
[Site "Saint-Vincent"]
[Date "2001.09.22"]
[Round "8"]
[White "Chehlov, A."]
[Black "Vaisman, V."]
[Result "1/2-1/2"]
[WhiteElo "2267"]
[BlackElo "2398"]
[PlyCount "87"]

1. e4 c5 2. Nf3 d6 3. d4 cxd4 4. Nxd4 Nf6 5. Nc3 a6 6. Bg5 e6 7. f4 Qc7 8. Qf3
b5 9. Bxf6 gxf6 10. a3 Nc6 11. Nxc6 Qxc6 12. f5 Be7 13. fxe6 fxe6 14. Qh5+ Kd8
15. O-O-O Bd7 16. Be2 Qc5 17. Qxc5 dxc5 18. Bg4 Kc7 19. Rxd7+ Kxd7 20. Rd1+ Kc6
21. Bxe6 Rad8 22. Nd5 Bd6 23. g3 Be5 24. Ne7+ Kc7 25. Bd5 Rhe8 26. Nf5 Rd7 27.
c3 a5 28. Kc2 Kb6 29. a4 b4 30. Ne3 h5 31. Rf1 Rg7 32. Rf2 Kc7 33. Nc4 h4 34.
gxh4 Rh8 35. Nxa5 bxc3 36. bxc3 Rxh4 37. Nc4 Rxh2 38. Rxh2 Bxh2 39. a5 Kb8 40.
a6 Bc7 41. Kb3 Rg3 42. Ka4 Rxc3 43. Kb5 Rxc4 44. Kxc4 1/2-1/2

[Event "Senioren Europa Meister"]
[Site "Saint-Vincent"]
[Date "2001.09.22"]
[Round "8"]
[White "Dotan, V."]
[Black "Rahls, P."]
[Result "1/2-1/2"]
[WhiteElo "2031"]
[BlackElo "2320"]
[PlyCount "102"]

1. Nf3 c5 2. c4 Nc6 3. d4 cxd4 4. Nxd4 g6 5. e4 Bg7 6. Be3 d6 7. Be2 Nf6 8. Nc3
O-O 9. O-O Bd7 10. Qd2 Ng4 11. Bxg4 Bxg4 12. Rac1 Re8 13. b3 a6 14. Nd5 Bd7 15.
Rfd1 Nxd4 16. Bxd4 Bxd4 17. Qxd4 Bc6 18. Qb6 Qxb6 19. Nxb6 Rad8 20. f3 Bd7 21.
Kf2 Be6 22. Rd2 f6 23. Rcd1 Rb8 24. Ke3 Rf8 25. Kd4 Kf7 26. f4 Bg4 27. Re1 Rbd8
28. Ke3 Bd7 29. Red1 Bc6 30. g3 Rb8 31. Rf2 Ke8 32. h4 Rg8 33. Rh2 Kd8 34. Nd5
Bxd5 35. exd5 Kd7 36. Kd4 Rbf8 37. Re1 Rf7 38. b4 g5 39. fxg5 fxg5 40. Re3 Rgg7
41. a4 gxh4 42. Rxh4 Rf1 43. a5 Ra1 44. Rhe4 Rd1+ 45. Kc3 Rg1 46. Kd4 Rf1 47.
Kc3 h5 48. Rh4 Ra1 49. Kb2 Rg1 50. Rxh5 R1xg3 51. Rxg3 Rxg3 1/2-1/2

[Event "Senioren Europa Meister"]
[Site "Saint-Vincent"]
[Date "2001.09.22"]
[Round "8"]
[White "Kraaykamp, W."]
[Black "Laco, G."]
[Result "0-1"]
[WhiteElo "1801"]
[BlackElo "2167"]
[PlyCount "72"]

1. Nf3 c5 2. g3 Nc6 3. Bg2 e5 4. d3 d5 5. c3 f6 6. Qc2 Be6 7. Nbd2 Bd6 8. e4 d4
9. O-O Nge7 10. Ne1 g5 11. Nc4 Bc7 12. Qe2 h5 13. f4 g4 14. fxe5 fxe5 15. Rf6
Qd7 16. Rh6 O-O-O 17. Na3 a6 18. Qf1 Rxh6 19. Bxh6 Rg8 20. Nec2 Ng6 21. Qe2 Bd8
22. Bd2 h4 23. Be1 Nf4 24. gxf4 exf4 25. Qf1 f3 26. Bh1 b5 27. Bd2 Qd6 28. Re1
Qe5 29. cxd4 cxd4 30. Nb4 Nxb4 31. Bxb4 Bg5 32. Nc2 Bf4 33. Qf2 g3 34. Qxf3
gxh2+ 35. Kf2 Bg3+ 36. Kf1 Bh3+ 0-1

[Event "Senioren Europa Meister"]
[Site "Saint-Vincent"]
[Date "2001.09.22"]
[Round "8"]
[White "Efkarpidis, S."]
[Black "Etmans, M."]
[Result "0-1"]
[WhiteElo "1674"]
[BlackElo "2142"]
[PlyCount "86"]

1. e4 Nf6 2. Nc3 d5 3. exd5 Nxd5 4. Nxd5 Qxd5 5. Nf3 Bg4 6. Be2 Nc6 7. O-O
O-O-O 8. c3 e5 9. h3 Bxf3 10. Bxf3 e4 11. Be2 f5 12. b4 Ne5 13. Qb3 Nd3 14.
Bxd3 Qxd3 15. Qe6+ Qd7 16. Qxd7+ Rxd7 17. f3 Bd6 18. fxe4 fxe4 19. Re1 Re7 20.
Bb2 Rhe8 21. Re2 Be5 22. Rf1 Bf6 23. g3 Rd7 24. d4 b5 25. Bc1 Re6 26. Rf5 a6
27. h4 g6 28. Rf1 Kb7 29. Kg2 Kc6 30. Bh6 Kd5 31. Bf8 Rd8 32. Bh6 Rde8 33. Be3
Kc4 34. Kf2 Bg7 35. Kg2 Kd3 36. Ree1 c6 37. Rf7 R8e7 38. d5 cxd5 39. Rxe7 Rxe7
40. Bc5 Rf7 41. Re3+ Kc4 42. Re1 Bxc3 43. Bd6 Bxe1 0-1

[Event "Senioren Europa Meister"]
[Site "Saint-Vincent"]
[Date "2001.09.22"]
[Round "8"]
[White "Glur, E."]
[Black "Semasev, K."]
[Result "0-1"]
[WhiteElo "1940"]
[BlackElo "2300"]
[PlyCount "74"]

1. e4 e5 2. Nf3 Nc6 3. Bb5 a6 4. Ba4 d6 5. O-O Bd7 6. c3 g6 7. d4 Bg7 8. Bg5 f6
9. Bh4 Nge7 10. Bg3 g5 11. d5 Nb8 12. Bc2 Ng6 13. Na3 h5 14. h4 Bg4 15. hxg5
fxg5 16. Nc4 h4 17. Ne3 Bxf3 18. Qxf3 hxg3 19. fxg3 Qd7 20. Rf2 g4 21. Qe2 Bh6
22. Nxg4 Bg5 23. Raf1 Qh7 24. Rf5 Be7 25. Nf6+ Bxf6 26. Rxf6 Nd7 27. Re6+ Ne7
28. Rf3 O-O-O 29. b4 Ng8 30. c4 Nf8 31. c5 Nxe6 32. dxe6 Ne7 33. Bd3 Nc6 34.
Rf7 Qh1+ 35. Kf2 Rh2 36. Ke3 Rxg2 37. Qg4 Qg1+ 0-1

[Event "Senioren Europa Meister"]
[Site "Saint-Vincent"]
[Date "2001.09.22"]
[Round "8"]
[White "Ljuboschitz, A."]
[Black "Conrady, A."]
[Result "1-0"]
[WhiteElo "2200"]
[BlackElo "1915"]
[PlyCount "143"]

1. e4 c5 2. Nf3 Nc6 3. Nc3 d6 4. d4 cxd4 5. Nxd4 Nf6 6. Be2 a6 7. O-O e6 8. Be3
Be7 9. f4 Qc7 10. Qe1 O-O 11. Qg3 Nxd4 12. Bxd4 d5 13. Kh1 g6 14. exd5 exd5 15.
Bxf6 Bxf6 16. Nxd5 Qd6 17. Nxf6+ Qxf6 18. c3 Bf5 19. Bd3 Bxd3 20. Qxd3 Rad8 21.
Qc2 Rd6 22. Rf2 Rfd8 23. h3 Rd3 24. Raf1 Qc6 25. Kh2 h5 26. Qe2 Qd6 27. Qe4 Rd7
28. Rf3 Rd2 29. R1f2 Qb6 30. Qe8+ Kg7 31. Qe5+ Kg8 32. Rxd2 Rxd2 33. f5 Rd1 34.
Qe8+ Kg7 35. f6+ Kh6 36. Qe3+ Qxe3 37. Rxe3 Kg5 38. Re7 Kxf6 39. Rxb7 Rd2 40.
h4 Rc2 41. Kg3 Ke5 42. Kf3 f6 43. g3 g5 44. Re7+ Kd5 45. Re2 Rc1 46. hxg5 fxg5
47. Rh2 g4+ 48. Ke3 Re1+ 49. Kd3 Re5 50. b4 Rf5 51. c4+ Ke5 52. Re2+ Kd6 53.
Kd4 Rf3 54. Rh2 Rxg3 55. Rxh5 Ra3 56. Rh6+ Kc7 57. Rg6 Rxa2 58. Rxg4 Ra1 59.
Kc5 Rh1 60. Rg7+ Kb8 61. Rd7 Rh4 62. Rd4 Rh5+ 63. Rd5 Rh4 64. Rd4 Rh5+ 65. Kc6
Kc8 66. Kb6 Rh6+ 67. Ka5 Kb7 68. Rd7+ Kb8 69. c5 Rh4 70. Rd6 Kb7 71. Rb6+ Kc7
72. Rxa6 1-0

[Event "Senioren Europa Meister"]
[Site "Saint-Vincent"]
[Date "2001.09.22"]
[Round "8"]
[White "Omari, F."]
[Black "Nussberger, P."]
[Result "1-0"]
[WhiteElo "2100"]
[BlackElo "1707"]
[PlyCount "123"]

1. d4 Nf6 2. c4 e6 3. Nc3 Bb4 4. a3 Bxc3+ 5. bxc3 d6 6. e3 O-O 7. Bd3 Nc6 8.
Ne2 b6 9. O-O Ba6 10. Ng3 Na5 11. Qe2 d5 12. cxd5 Bxd3 13. Qxd3 exd5 14. f3 Re8
15. e4 Nb3 16. Ra2 Nxc1 17. Rxc1 dxe4 18. fxe4 c5 19. Rd1 Qc7 20. e5 Nd7 21.
Nf5 Nf8 22. Nd6 Re7 23. Rf2 Rd8 24. Rdf1 Rxd6 25. exd6 Qxd6 26. Qc4 Ne6 27.
dxc5 Qxc5 28. Qxc5 Nxc5 29. Rd1 f6 30. Kf1 Kf7 31. Re2 Rc7 32. Re3 Nd7 33. Rd4
Ne5 34. a4 Rc5 35. Ke2 h5 36. h3 g5 37. Kd1 h4 38. Kc2 Kg6 39. Re1 Kf5 40. Rf1+
Ke6 41. Rb1 Nc4 42. Re1+ Ne5 43. Kb3 f5 44. Red1 f4 45. c4 f3 46. gxf3 Nxf3 47.
R4d3 Ne5 48. Rd5 Kf5 49. Re1 Rxd5 50. cxd5 Nd3 51. Re3 Nc5+ 52. Kb4 g4 53.
hxg4+ Kxg4 54. Re7 h3 55. Rxa7 Nd3+ 56. Kb5 Nf4 57. Rg7+ Kh4 58. Rh7+ Kg3 59.
d6 h2 60. Rxh2 Kxh2 61. d7 Ne6 62. Kxb6 1-0

[Event "Senioren Europa Meister"]
[Site "Saint-Vincent"]
[Date "2001.09.22"]
[Round "8"]
[White "Hocevar, N."]
[Black "Frantzke, H."]
[Result "1-0"]
[WhiteElo "2169"]
[BlackElo "1831"]
[PlyCount "45"]

1. c4 g6 2. Nf3 Bg7 3. d4 d6 4. Nc3 Bg4 5. e3 Nc6 6. h3 Bd7 7. e4 e5 8. Bg5 f6
9. Be3 a6 10. Be2 Nce7 11. dxe5 fxe5 12. c5 dxc5 13. Bxc5 Nh6 14. Qb3 b6 15.
Be3 Nf7 16. Bc4 Nd6 17. Ng5 h6 18. Nf7 Nxf7 19. Bxf7+ Kf8 20. O-O c5 21. f4
exf4 22. Rxf4 Be5 23. Bxg6+ 1-0